00607nam a2200145 a 450000100100000000500170001000800410002704000250006810000310009324500710012426000520019530000200024750000510026750001430031800004164020201002035700.0131014s1979 dr 000 0 spa d aDO-SdBNPbspacBNPHU1 aGonzález Pons, Alejandro10aSobre las deformaciones al marxismo. /cAlejandro González Pons. aSanto Domingo, :bEdiciones socialistas,c1979. a32 p. ;c21 cm. aMovimiento de liberación nacional (CORECATO) aPonencia presentada en la continuación de la mesa redonda sobre el libro "Nuestra falsa izquierda" del Dr. Juan Isidro Jimenes Grullón